Score 0/18 Timer 02:00
0 Plays Today
Clue Answer % Correct
Corny cereal?POPS
92.3%
Place to put your bumSEAT
91.1%
Model Kate ____MOSS
90.8%
ThrowTOSS
90.6%
The greater partMOST
88.9%
◈ Add to a blog ◈◈ POST ◈
88.6%
◈ Tank or tube follower? ◈◈ TOPS ◈
87.2%
Annoying onePEST
85.1%
Bog materialPEAT
83.8%
Clue Answer % Correct
◈ Poker prizes ◈◈ POTS ◈
83.7%
Sets in placePUTS
83.6%
Innings endersOUTS
79.8%
Where to drop a coinSLOT
76.4%
Feed the pigsSLOP
74.5%
◈ Name of Dick's dog or Data's cat ◈◈ SPOT ◈
67.5%
ExpectoratedSPAT
64.4%
◈ Chooses ◈◈ OPTS ◈
62.2%
◈ Pipe organ feature ◈◈ STOP ◈
47%

Today's Daily Dose

Remove Ads.
Support Sporcle.
Get the best of Sporcle when you Go Orange. This ad-free experience offers more features, more stats, and more fun while also helping to support Sporcle. Thank you for becoming a member.

You're not logged in!

Compare scores with friends on all Sporcle quizzes.
OR
Log In

Show Comments

Extras

Top Quizzes Today


Score Distribution

Your Account Isn't Verified!

In order to create a playlist on Sporcle, you need to verify the email address you used during registration. Go to your Sporcle Settings to finish the process.

Report this User

Report this user for behavior that violates our Community Guidelines.

Details: